| 000 | 00000nam 2200000za 4500 |
| 001 | 9.676031 |
| 003 | CaOODSP |
| 005 | 20210624225600 |
| 007 | cr ||||||||||| |
| 008 | 150407|2005||||xxc|||||o f|0| 0 eng d |
| 040 | |aCaOODSP|beng |
| 041 | |aeng |
| 041 | |afre |
| 043 | |an-cn--- |
| 086 | 1 |aT52-4/78-2004-PDF |
| 110 | 1 |aCanada.|bTransport Canada. |bCivil Aviation. |
| 245 | 10|aCanada's airspace : |h[electronic resource]|binformation on airspace classification and structure |
| 250 | |a3rd ed. |
| 260 | |aOttawa - Ontario : |bTransport Canada. |c[2004]. |
| 300 | |a2p.|bcoloured figs. |
| 546 | |aBilingual |
| 590 | |a13-02-Supp|b2013-01-11 |
| 690 | 07|aAir transport|2gcpds |
| 792 | |tEspace aérien du Canada : |efre|w(CaOODSP)9.676032 |
| 794 | |tCanada's airspace |w(CaOODSP)9.861805 |
| 856 | 40|ahttp://publications.gc.ca|qPDF|s1.12 MB|uhttps://publications.gc.ca/collections/collection_2013/tc/T52-4-78-2004.pdf |
| 986 | |aTP 6010 (12/2004) |